000 01007nam a22002535i 4500
001 165009
003 ES-MaACL
005 20260629130410.0
008 050808s1850 fr a | |||||||| ||fre d
040 _aCAM
_bspa
_cCAM
100 1 _aScott, Walter,
_cSir,
_d1771-1832
_9104957
245 1 0 _aCromwell ou Le Chateau de Woodstock (1651-1660) /
_cSir Walter Scott ; traduction nouvelle de L. Barré.
260 _aParis :
_b[s.n.,
_cs.a. (
_fImp. de Bry)
300 _a104 p. :
_bil. ;
_c32 cm.
490 1 _aLes veillées littéraires illustrées ;
_v2
594 _aTít. y autor tomados de cabecera de texto.
597 _aTexto a dos col., con il. intercaladas.
598 _aDatos de la serie tomados de cabecera y pie de pág.
700 1 _aBarré, Louis,
_d1799-1857
_925873
740 0 _aLe Chateau de Woodstock.
830 0 _aLes veillées littéraires illustrées ;
_v2
_9188532
852 _aES-MaACL
_jFol-Laf-8
_z-- Sin enc.
_z-- Legado de Modesto de La Fuente
999 _c165009
_d165009